La educación del hombre moderno
Furkejuvvon:
| Váldodahkki: | |
|---|---|
| Materiálatiipa: | Girji |
| Giella: | espánnjágiella |
| Almmustuhtton: |
Buenos Aires
Nova
1957
|
| Ráidu: | Biblioteca Nova de Educación
|
| Fáttát: | |
| Fáddágilkorat: |
Lasit fáddágilkoriid
Eai fáddágilkorat, Lasit vuosttaš fáddágilkora!
|
MARC
| LEADER | 00000nam a2200000 a 4500 | ||
|---|---|---|---|
| 001 | UCU0644 | ||
| 003 | CL-VaPUC | ||
| 008 | 960322e19570000AG |||||||||||||||||spa|d | ||
| 082 | 0 | 4 | |a 306.43 |b HOO |2 21 |
| 100 | |a Hook, Sidney |e author |9 561808 | ||
| 245 | 1 | 3 | |a La educación del hombre moderno |
| 300 | |a 209 p | ||
| 942 | |c BK | ||
| 945 | |d 19960322 00:00:00 |a paguirre | ||
| 260 | |a Buenos Aires |b Nova |c 1957 | ||
| 650 | 0 | |a Filosofía de la educación |9 258384 | |
| 650 | 0 | |a Sociología de la educación |9 260380 | |
| 650 | 7 | |a FINES EDUCACIONALES |2 CL-VaPUC |9 341857 | |
| 650 | 0 | |a Rol del docente |9 329733 | |
| 651 | 0 | |a Estados Unidos |9 255178 | |
| 583 | |a last modification |c 19960322 00:00:00 |k Rodrigo Vera | ||
| 490 | 0 | |a Biblioteca Nova de Educación | |
| 999 | |c 245482 |d 245480 | ||
| 952 | |0 0 |1 0 |4 0 |6 306_430000000000000_HOO_1957 |7 0 |8 P |9 260000 |a BIBEDU |b BIBEDU |c BIBEDU_PB |d 2019-11-19 |i 1635948 |l 1 |o 306.43 HOO 1957 |p 1635948 |r 2024-04-16 |s 2024-04-16 |w 2019-11-19 |y BK |k EDU | ||